Statistics for Little Mix's Confetti Album Songs

Click here to take the quiz!

General Stats

  • This quiz has been taken 75 times
  • The average score is 11 of 13

Answer Stats

Answer% Correct
Break Up Song
95%
Confetti
95%
Gloves Up
89%
Holiday
89%
Sweet Melody
86%
Not a Pop Song
84%
Rendezvous
84%
Happiness
82%
Breathe
73%
If You Want My Love
70%
My Love Won't Let You Down
70%
A Mess (Happy 4 U)
68%
Nothing but My Feelings
64%

Score Distribution

Percentile by Number Answered

Percent of People with Each Score

Your Score History

You have not taken this quiz